00989nam a2200229 a 450000100060000000300080000600500170001400800410003102000270007203500190009904000230011804100080014108200290014911100880017824502730026626000360053930000280057550400410060365000530064470000210069771000410071858259BD-RjUL20211209080613.0840502s1983 ii b 100 0 eng  a0860370666 :cRs100.00 a(BD-RjUL)58383 aDLCcDLCdDLCbeng aeng00a330.091767223bSTU 19832 aInternational Conference on Islamic Economicsn(1st :d1976 :cMecca, Saudi Arabia)10aStudies in Islamic economics :ba selection of papers presented to the First International Conference on Islamic Economics, held at Makka, under the auspices of King Abdul Aziz University, Jeddah, February 21-26, 1976 (Safar 21-26, 1396 H.) edited by Khurshid Ahmad. / aDelhi :bAmar Prakashan,c1983. axxiii, 188 p. ;c22 cm. aIncludes bibliographical references. 0aEconomicsxReligious aspectsxIslamxCongresses.1 aAhmad, Khurshid.2 aJāmiʻat al-Malik ʾAbd al-ʾAziz.